000 00902nam a2200277 i 4500
003 DO-SdBNP
005 20240305073656.0
007 ta
008 110413s2023 dr ac 000 0 spa d
020 _a9789945635928
040 _aDO-SdBNP
_bspa
_cBNPHU
_erda
082 _bI73e
_222
100 _aIsaac, Telésforo,
_d1929-
_975303
245 1 0 _aEspiritualidad del cristiano /
_cTelésforo Isaac ; prólogo J. Adalberto Martínez
264 1 _aSanto Domingo :
_bSantuario,
_c2023.
300 _a186 páginas
_c23 cm.
336 _2rdacontent
_atexto
_btxt
337 _2rdamedia
_asin mediación
_bn
338 _2rdacarrier
_avolumen
_bnc
500 _aIncluye datos biográficos del autor en la solapa de la portada.
504 _aBibliografía p: 185-186
590 _aInventariado, 2023/ YL
700 1 _aSilié, Rubén,
_d1946-
_eprólogo
_91421
910 _aYLockward
942 _2ddc
_cLBS1
999 _c54709
_d54709